00554nam a2200229Ia 4500001000700000008004100007010001100048082001300059100003300072245005200105260003700157300002100194440000500215500000500220503000800225650003700233901001300270902000600283910000900289942000700298999001900305Z_2499220113s1986 xx 000 0 und d a165556 a551.5 T6 aTorres Ruiz, Edmundo9114228 aAgrometeorología /cpor Edmundo Torres Ruiz aMéxico, D. F. :bDiana,c1986 a150 p. : bilus. a a aC/E aMeteorología agrícola975217 a551.5 T6 aA a1986 cc1 c165556d165556